000 00531nam a22001817a 4500
005 20251108172703.0
008 250721s2002 xx 000 0 ara d
082 1 4 _a613/طيب
100 1 _aالطيبي، عكاشة عبد المنان
_eمؤلف
245 1 0 _aالشيخوخة شباب دائم كيف ؟ /
264 1 _aبيروت :
_bالمكتبة الثقافية،
_c2002.
300 _a168ص
650 1 7 _aالشيخوخة
650 1 7 _aالصحة
650 1 7 _aالتغذية
942 _2ddc
_cBK
999 _c85963
_d85963